[Event "Hamburg Robinow op"]
[Site "Hamburg"]
[Date "2005.10.05"]
[Round "5"]
[White "Colpe, Lennart"]
[Black "Ernst, Herwarth"]
[Result "1/2-1/2"]
[WhiteElo "1949"]
[BlackElo "1766"]
[PlyCount "98"]
[EventDate "2005.10.01"]
[EventType "swiss"]
[EventRounds "9"]
[EventCountry "GER"]
[SourceTitle "CBM 108 Extra"]
[Source "ChessBase"]
[SourceDate "2005.11.04"]
[SourceVersion "1"]
[SourceVersionDate "2005.11.04"]
[SourceQuality "1"]

1. d4 d5 2. c4 e6 3. Nc3 Nf6 4. Bg5 Be7 5. Nf3 Nbd7 6. e3 c6 7. cxd5 exd5 8. Qc2 0-0 9. Bd3 h6 10. Bh4 Re8 11. 0-0 Nf8 12. Rab1 Ne4 13. Bg3 Nxg3 14. hxg3 h5 15. b4 h4 16. gxh4 Bxh4 17. g3 Bf6 18. Kg2 Bg4 19. Rh1 Bxf3+ 20. Kxf3 g6 21. Kg2 Bg7 22. b5 Qd6 23. bxc6 bxc6 24. Ne2 Ne6 25. Rhc1 Rec8 26. Ba6 Rc7 27. Rb7 c5 28. Rxc7 Qxc7 29. dxc5 Qc6 30. Bd3 Rc8 31. Qb1 Nxc5 32. Nd4 Qe8 33. Bb5 Qf8 34. Qc2 Rc7 35. Nc6 Ne6 36. Rd1 d4 37. Qe4 Qc5 38. Rb1 dxe3 39. fxe3 Ng5 40. Qe8+ Bf8 41. Nd4 Re7 42. Qc6 Qa3 43. Qd5 Qxe3 44. Nc6 Re4 45. Rf1 Rg4 46. Qe5 Ne4 47. Rf3 Qg5 48. Bc4 Nd6 49. Qxg5 Rxg5 1/2-1/2

[Event "Hamburg Robinow op"]
[Site "Hamburg"]
[Date "2005.10.04"]
[Round "4"]
[White "Diz Suarez, Carlos"]
[Black "Colpe, Lennart"]
[Result "0-1"]
[WhiteElo "1602"]
[BlackElo "1949"]
[PlyCount "56"]
[EventDate "2005.10.01"]
[EventType "swiss"]
[EventRounds "9"]
[EventCountry "GER"]
[SourceTitle "CBM 108 Extra"]
[Source "ChessBase"]
[SourceDate "2005.11.04"]
[SourceVersion "1"]
[SourceVersionDate "2005.11.04"]
[SourceQuality "1"]

1. Nf3 Nf6 2. d4 e6 3. Bg5 d5 4. e3 Be7 5. Nbd2 Nbd7 6. Bd3 c5 7. c4 b6 8. 0-0 Bb7 9. Ne5 0-0 10. Qc2 Rc8 11. b3 h6 12. Bh4 Nxe5 13. dxe5 Ng4 14. Bg3 Bh4 15. cxd5 Bxg3 16. hxg3 exd5 17. Bf5 Qg5 18. Nf3 Qh5 19. Bxc8 Bxc8 20. Rfd1 Bf5 21. Qe2 Nh2 22. Rd2 Bg4 23. Nxh2 Bxe2 24. g4 Bxg4 25. Rxd5 Be6 26. Rd6 Qxe5 27. Rad1 Qh5 28. R1d2 Rc8 0-1

[Event "Norderstedt op 5th"]
[Site "Norderstedt"]
[Date "2005.03.28"]
[Round "7.17"]
[White "Colpe, Lennart"]
[Black "Draeger, Klaus"]
[Result "0-1"]
[WhiteElo "1772"]
[BlackElo "1754"]
[PlyCount "106"]
[EventDate "2005.03.27"]
[EventType "swiss"]
[EventRounds "7"]
[EventCountry "GER"]
[SourceTitle "EXT 2006"]
[Source "ChessBase"]
[SourceDate "2005.11.24"]
[SourceVersion "1"]
[SourceVersionDate "2005.11.24"]
[SourceQuality "1"]

1. d4 Nf6 2. c4 c5 3. d5 b5 4. cxb5 a6 5. b6 g6 6. Nc3 Qxb6 7. e4 d6 8. Rb1 Bg7 9. Be3 a5 10. f4 0-0 11. h3 Nbd7 12. Nf3 Ba6 13. Bd3 Rfb8 14. 0-0 Nh5 15. g4 Nxf4 16. Bxa6 Nxh3+ 17. Kg2 Qxa6 18. Kxh3 Rb7 19. Qe2 Qxe2 20. Nxe2 Rab8 21. b3 a4 22. Nd2 axb3 23. Rxb3 Rxb3 24. axb3 Ra8 25. Nc4 Ra2 26. Nc1 Rc2 27. Rf2 Rc3 28. Kg2 Bd4 29. Ne2 Rxc4 30. bxc4 Bxe3 31. Rf3 Bg5 32. Ra3 Ne5 33. Kg3 Nxc4 34. Ra8+ Kg7 35. Ng1 Be3 36. Nf3 Nd2 37. Nxd2 Bxd2 38. Re8 Kf6 39. Rh8 h6 40. Kf3 c4 41. Rc8 c3 42. Rc7 e6 43. Rc6 Ke5 44. dxe6 fxe6 45. Rc8 Kd4 46. Rc6 d5 47. Ke2 h5 48. Rxe6 hxg4 49. Rxg6 Kxe4 50. Rxg4+ Bf4 51. Rg8 c2 52. Rg3 c1Q 53. Re3+ Qxe3+ 0-1

[Event "Norderstedt op 5th"]
[Site "Norderstedt"]
[Date "2005.03.28"]
[Round "3.21"]
[White "Pfeiffer, Daniel"]
[Black "Colpe, Lennart"]
[Result "0-1"]
[WhiteElo "1452"]
[BlackElo "1772"]
[PlyCount "72"]
[EventDate "2005.03.27"]
[EventType "swiss"]
[EventRounds "7"]
[EventCountry "GER"]
[SourceTitle "EXT 2006"]
[Source "ChessBase"]
[SourceDate "2005.11.24"]
[SourceVersion "1"]
[SourceVersionDate "2005.11.24"]
[SourceQuality "1"]

1. e4 c5 2. Nf3 e6 3. d4 cxd4 4. Nxd4 Qb6 5. Nb3 Qc7 6. Bd3 Nf6 7. 0-0 Be7 8. c4 0-0 9. Nc3 a6 10. Be3 Nc6 11. h3 Ne5 12. f4 Nxc4 13. Bxc4 Qxc4 14. e5 Ne4 15. Nxe4 Qxe4 16. Qd4 Qg6 17. Qb6 Bd8 18. Qd6 b5 19. Rac1 Bb7 20. Qd2 Be7 21. Rc7 Bc6 22. Na5 Bd8 23. Ra7 Bxa5 24. Qe2 b4 25. g4 Bb5 26. Qf3 Rxa7 27. Bxa7 Bxf1 28. Qxf1 Rc8 29. Qxa6 Rc1+ 30. Kg2 Qc2+ 31. Kg3 Bd8 32. Bf2 Bh4+ 33. Kxh4 Qxf2+ 34. Kg5 h6+ 35. Kh5 g6+ 36. Kxh6 Qh4# 0-1

[Event "Hamburg State-ch U18"]
[Site "Cuxhaven"]
[Date "2005.03.17"]
[Round "8"]
[White "Colpe, Lennart"]
[Black "Akram, Rashed"]
[Result "1-0"]
[WhiteElo "1772"]
[BlackElo "1758"]
[PlyCount "29"]
[EventDate "2005.03.12"]
[EventType "swiss"]
[EventRounds "9"]
[EventCountry "GER"]
[SourceTitle "EXT 2007"]
[Source "ChessBase"]
[SourceDate "2006.11.23"]
[SourceVersion "1"]
[SourceVersionDate "2006.11.23"]
[SourceQuality "1"]

1. d4 Nf6 2. c4 g6 3. Nc3 Bg7 4. e4 d6 5. Nf3 0-0 6. Be2 Nc6 7. d5 Ne5 8. Nxe5 dxe5 9. 0-0 e6 10. Bg5 Bd7 11. Bg4 exd5 12. Bxf6 Bxf6 13. Bxd7 Qxd7 14. Nxd5 Bg7 15. Nf6+ 1-0